Совершенствование кадрового обеспечения сельскохозяйственных организаций на основе мотивационного механизма
В монографии рассмотрены вопросы кадрового обеспечения сельскохозяйственных организаций, особенности мотивации и стимулирования трудовой деятельности персонала в сельском хозяйстве; проведен анализ современного состояния и выявлены основные тенденции развития персонала сельскохозяйственных организац...
Shranjeno v:
| Glavni avtor: | |
|---|---|
| Format: | Книга |
| Jezik: | Russian |
| Izdano: |
Орел
ОрелГАУ
2021
|
| Online dostop: | https://e.lanbook.com/book/213521 https://e.lanbook.com/img/cover/book/213521.jpg |
| Oznake: |
Označite
Brez oznak, prvi označite!
|
| LEADER | 02851nam0a2200241 i 4500 | ||
|---|---|---|---|
| 001 | 213521 | ||
| 003 | RuSpLAN | ||
| 005 | 20221220174149.0 | ||
| 008 | 221220s2021 ru gs 000 0 rus | ||
| 040 | |a RuSpLAN | ||
| 041 | 0 | |a rus | |
| 044 | |a ru | ||
| 080 | |a 631.115.7(470.321)+631.158:005.951-057.17:658.3.06 | ||
| 245 | 0 | 0 | |a Совершенствование кадрового обеспечения сельскохозяйственных организаций на основе мотивационного механизма |c Ловчикова Е. И. |
| 260 | |a Орел |b ОрелГАУ |c 2021 | ||
| 300 | |a 160 с. | ||
| 504 | |a Библиогр.: доступна в карточке книги, на сайте ЭБС Лань | ||
| 520 | 8 | |a В монографии рассмотрены вопросы кадрового обеспечения сельскохозяйственных организаций, особенности мотивации и стимулирования трудовой деятельности персонала в сельском хозяйстве; проведен анализ современного состояния и выявлены основные тенденции развития персонала сельскохозяйственных организаций; предложена система оценки показателей эффективности кадровой работы и управления стимулированием персонала в сельскохозяйственных организациях; сформулированы основные направления совершенствования кадрового обеспечения сельского хозяйства. Научные положения и выводы, изложенные в монографии, могут быть использованы отраслевыми органами управления и руководителями сельскохозяйственных организаций в процессе формирования системы кадрового обеспечения и стимулирования трудовой деятельности персонала в сельском хозяйстве. Монография предназначена для специалистов аграрного сектора экономики, работников и обучающихся высшей школы | |
| 521 | 8 | |a Книга из коллекции ОрелГАУ - Ветеринария и сельское хозяйство | |
| 100 | 1 | |a Ловчикова Е. И. | |
| 856 | 4 | |u https://e.lanbook.com/book/213521 | |
| 856 | 4 | 8 | |u https://e.lanbook.com/img/cover/book/213521.jpg |
| 953 | |a https://e.lanbook.com/img/cover/book/213521.jpg | ||